Programa de actividades linguísticas para el jardín comunitario
Salvato in:
| Autore principale: | |
|---|---|
| Natura: | Libro |
| Lingua: | spagnolo |
| Pubblicazione: |
Ciudad de México
Trillas
1990
|
| Edizione: | 2a. ed |
| Serie: | Serie Pedagogía Para la Primera Infancia, 4
|
| Soggetti: | |
| Tags: |
Aggiungi Tag
Nessun Tag, puoi essere il primo ad aggiungerne!!
|
MARC
| LEADER | 00000nam a2200000 a 4500 | ||
|---|---|---|---|
| 001 | UCT4156 | ||
| 003 | CL-VaPUC | ||
| 008 | 961108e19900000MX |||||||||||||||||spa|d | ||
| 082 | 0 | 4 | |a 372.21 |b BER |2 21 |
| 100 | 0 | |a Berruecos, María Paz |e author |9 373324 | |
| 245 | 1 | 0 | |a Programa de actividades linguísticas para el jardín comunitario |
| 250 | |a 2a. ed | ||
| 300 | |a 188 p | ||
| 942 | |c BK | ||
| 945 | |d 19961108 00:00:00 |a rleighto | ||
| 260 | |a Ciudad de México |b Trillas |c 1990 | ||
| 650 | 0 | |a Educación preescolar |9 260381 | |
| 650 | 7 | |a JARDIN INFANTIL |2 CL-VaPUC |9 308724 | |
| 650 | 0 | |a Métodos de enseñanza |9 270413 | |
| 650 | 0 | |a Enseñanza del lenguaje |9 373325 | |
| 650 | 0 | |a Educación lingüística |9 306506 | |
| 650 | 0 | |a Didáctica |9 369923 | |
| 583 | |a last modification |c 19961108 00:00:00 |k Rodrigo Vera | ||
| 490 | 0 | |a Serie Pedagogía Para la Primera Infancia, 4 | |
| 999 | |c 253575 |d 253573 | ||
| 952 | |0 0 |1 0 |4 0 |6 372_210000000000000_BER_1990 |7 0 |8 A |9 274493 |a BIBEDU |b BIBEDU |c ES_NOD |d 2019-11-19 |i 3247740 |o 372.21 BER 1990 |p 3247740 |r 2023-08-09 |w 2019-11-19 |y BK |k EDU | ||